Länder, die den Peso verwenden - Statistiken

Allgemein
  • Dieses Quiz wurde 47 mal gespielt
  • Das Durchschnittsergebnis liegt bei 5 aus 8
Antwortstatistiken
Land % Korrekt
Mexiko
90%
Chile
85%
Kolumbien
80%
Uruguay
76%
Argentinien
73%
Kuba
61%
Dominikanische Republik
44%
Philippinen
20%
Keine übereinstimmenden Quizze gefunden
Verteilung der Resultate
Anzahl Personen mit jedem Resultat
Perzentil nach korrekt beantworteten Fragen
Ihre Resultats-Entwicklung
Sie haben dieses Quiz noch nicht gespielt